[Event "UKR tt (Women)"]
[Site "Alushta"]
[Date "2003.??.??"]
[Round "6"]
[White "Son, Irina"]
[Black "Arutyunova, Diana"]
[Result "1-0"]
[WhiteElo "2204"]
[BlackElo "2200"]
[PlyCount "59"]
[EventDate "2003.??.??"]
[EventType "team"]
[EventRounds "7"]
[EventCountry "UKR"]
[SourceTitle "EXT 2005"]
[Source "ChessBase"]
[SourceDate "2004.11.15"]
[SourceVersion "1"]
[SourceVersionDate "2004.11.15"]
[SourceQuality "1"]

1. d4 Nf6 2. Nf3 c5 3. d5 e6 4. Nc3 Nxd5 5. Nxd5 exd5 6. Qxd5 Be7 7. e4 d6 8. Bc4 Be6 9. Qd3 Nc6 10. c3 0-0 11. 0-0 Rb8 12. Rd1 Qc7 13. Bf4 Rbd8 14. Qe2 a6 15. Rd2 b5 16. Bd5 Bg4 17. h3 Bh5 18. a4 c4 19. axb5 axb5 20. Bxc6 Qxc6 21. Rd5 Bxf3 22. Qxf3 Rd7 23. Rad1 Rfd8 24. e5 h6 25. exd6 Bxd6 26. Rxd6 Rxd6 27. Qxc6 Rxd1+ 28. Kh2 R1d5 29. Be3 Kh7 30. Bd4 1-0

[Event "UKR tt (Women)"]
[Site "Alushta"]
[Date "2003.??.??"]
[Round "2"]
[White "Sulejmanova, Ava"]
[Black "Son, Irina"]
[Result "1-0"]
[WhiteElo "2239"]
[BlackElo "2204"]
[PlyCount "74"]
[EventDate "2003.??.??"]
[EventType "team"]
[EventRounds "7"]
[EventCountry "UKR"]
[SourceTitle "EXT 2005"]
[Source "ChessBase"]
[SourceDate "2004.11.15"]
[SourceVersion "1"]
[SourceVersionDate "2004.11.15"]
[SourceQuality "1"]

1. e4 c5 2. Nc3 e6 3. Nf3 a6 4. a4 Qc7 5. g3 d6 6. Bg2 Nc6 7. 0-0 Bd7 8. d3 g6 9. Be3 Bg7 10. Kh1 Nge7 11. Qd2 Nd4 12. Ne1 h5 13. h3 Rb8 14. Bg5 Bc6 15. a5 0-0 16. Bh6 d5 17. Ra3 Rbd8 18. Bxg7 Kxg7 19. exd5 exd5 20. Na4 Ne6 21. Nf3 d4 22. Re1 Rfe8 23. Raa1 Qd6 24. Nb6 Nc8 25. Nc4 Qc7 26. Nce5 Na7 27. Re2 Bxf3 28. Bxf3 f6 29. Nc4 Ng5 30. Bg2 Nc6 31. Rae1 Rxe2 32. Rxe2 Rd7 33. Qe1 Nf7 34. Kg1 Re7 35. Rxe7 Nxe7 36. Qe6 Ne5 37. Nd6 Qd7 1-0

[Event "UKR tt (Women)"]
[Site "Alushta"]
[Date "2003.??.??"]
[Round "5"]
[White "Vozovic, Oksana"]
[Black "Son, Irina"]
[Result "1-0"]
[WhiteElo "2328"]
[BlackElo "2204"]
[PlyCount "79"]
[EventDate "2003.??.??"]
[EventType "team"]
[EventRounds "7"]
[EventCountry "UKR"]
[SourceTitle "EXT 2005"]
[Source "ChessBase"]
[SourceDate "2004.11.15"]
[SourceVersion "1"]
[SourceVersionDate "2004.11.15"]
[SourceQuality "1"]

1. e4 c5 2. Nf3 e6 3. d4 cxd4 4. Nxd4 a6 5. Be2 Qc7 6. 0-0 Bc5 7. Nb3 Ba7 8. Nc3 Nc6 9. Kh1 Nf6 10. a4 d6 11. Bf4 e5 12. Bg5 Be6 13. Nd5 Bxd5 14. exd5 Nd4 15. Nxd4 Bxd4 16. c3 Ba7 17. f4 Nd7 18. Bd3 h6 19. Qh5 Rf8 20. Bh4 exf4 21. Rxf4 Ne5 22. Re1 g5 23. Rc4 Qe7 24. Bg3 Rh8 25. Rce4 Bb8 26. c4 Kd8 27. Rf1 f6 28. Bxe5 dxe5 29. c5 Ba7 30. b4 Qg7 31. a5 Rc8 32. Qg4 Rf8 33. Qe6 Qe7 34. Qf5 Bxc5 35. Rc1 Rc7 36. bxc5 Rxc5 37. Rxc5 Qxc5 38. Rc4 Qxd5 39. Qc8+ Ke7 40. Rc7+ 1-0

[Event "UKR-ch (Women)"]
[Site "Alushta"]
[Date "2002.05.10"]
[Round "8"]
[White "Son, Irina"]
[Black "Gritsayeva, Oksana"]
[Result "1-0"]
[WhiteElo "2201"]
[BlackElo "2264"]
[PlyCount "65"]
[EventDate "2002.05.02"]
[EventType "swiss"]
[EventRounds "9"]
[EventCountry "UKR"]
[SourceTitle "EXT 2003"]
[Source "ChessBase"]
[SourceDate "2002.11.25"]
[SourceVersion "1"]
[SourceVersionDate "2002.11.25"]
[SourceQuality "1"]

1. d4 d6 2. e4 Nf6 3. Nc3 g6 4. h3 Bg7 5. Nf3 0-0 6. Be2 Nc6 7. Be3 Nd7 8. Qd2 e5 9. 0-0-0 exd4 10. Nxd4 Nf6 11. f4 Re8 12. Bf3 Bd7 13. Rhe1 a5 14. g4 h6 15. Qg2 Nh7 16. Kb1 a4 17. e5 Qb8 18. Nxc6 bxc6 19. Bxc6 Bxc6 20. Qxc6 dxe5 21. f5 Nf6 22. fxg6 fxg6 23. g5 hxg5 24. Bxg5 Nh7 25. Qxg6 Qb6 26. Qxb6 cxb6 27. Be3 e4 28. Nd5 Ra5 29. c4 Nf6 30. Bxb6 Nxd5 31. Bxa5 Nf4 32. Re3 Rb8 33. Rd8+ 1-0

[Event "UKR-ch (Women)"]
[Site "Alushta"]
[Date "2002.05.06"]
[Round "4"]
[White "Alexandrova, Olga"]
[Black "Son, Irina"]
[Result "1-0"]
[WhiteElo "2392"]
[BlackElo "2201"]
[PlyCount "67"]
[EventDate "2002.05.02"]
[EventType "swiss"]
[EventRounds "9"]
[EventCountry "UKR"]
[SourceTitle "EXT 2003"]
[Source "ChessBase"]
[SourceDate "2002.11.25"]
[SourceVersion "1"]
[SourceVersionDate "2002.11.25"]
[SourceQuality "1"]

1. d4 Nf6 2. c4 c5 3. d5 e5 4. Nc3 d6 5. e4 Be7 6. Bd3 0-0 7. h3 Ne8 8. Nf3 Na6 9. a3 Bd7 10. g4 Rb8 11. Be3 Nec7 12. Qe2 Qe8 13. Nb5 Nxb5 14. cxb5 Nc7 15. a4 b6 16. b3 Qd8 17. Rg1 Ra8 18. h4 Qc8 19. Nd2 Bxh4 20. Nc4 Ne8 21. g5 f6 22. g6 hxg6 23. Rxg6 Qc7 24. Qh5 Bg5 25. 0-0-0 Rf7 26. Rh1 Bxe3+ 27. fxe3 Kf8 28. Qh8+ Ke7 29. Be2 Qd8 30. Qh7 Bc8 31. Bh5 Kd7 32. Rxg7 Nxg7 33. Bxf7 Qf8 34. Rg1 1-0

[Event "UKR-ch (Women)"]
[Site "Alushta"]
[Date "2002.05.05"]
[Round "3"]
[White "Mokriak, Liudmila"]
[Black "Son, Irina"]
[Result "1/2-1/2"]
[WhiteElo "2261"]
[BlackElo "2201"]
[PlyCount "82"]
[EventDate "2002.05.02"]
[EventType "swiss"]
[EventRounds "9"]
[EventCountry "UKR"]
[SourceTitle "EXT 2003"]
[Source "ChessBase"]
[SourceDate "2002.11.25"]
[SourceVersion "1"]
[SourceVersionDate "2002.11.25"]
[SourceQuality "1"]

1. d4 Nf6 2. Nf3 d6 3. c4 c6 4. Nc3 Bg4 5. e4 Qc7 6. Be2 Nbd7 7. Be3 e5 8. 0-0 Be7 9. d5 Bxf3 10. Bxf3 c5 11. Rb1 0-0 12. a3 a6 13. Qd3 Rfc8 14. Rfc1 Rab8 15. Be2 Nf8 16. b4 N6d7 17. Rb2 Qd8 18. Bg4 Bg5 19. b5 a5 20. Ne2 Qe7 21. Bxg5 Qxg5 22. Qh3 Rd8 23. Bxd7 Nxd7 24. Rc3 Nf6 25. Rg3 Qh5 26. Qxh5 Nxh5 27. Re3 b6 28. Ng3 Nxg3 29. fxg3 Rb7 30. a4 f6 31. Rf3 Rf7 32. Rbf2 Rdf8 33. h4 g6 34. Kh2 Kg7 35. Kh3 Kg8 36. g4 Kg7 37. Rf1 Kg8 38. R1f2 Kg7 39. Rf1 Kg8 40. R1f2 Kg7 41. Rf1 Kg8 1/2-1/2

[Event "UKR-ch (Women)"]
[Site "Alushta"]
[Date "2002.05.04"]
[Round "2"]
[White "Son, Irina"]
[Black "Zdebskaja, Natalia"]
[Result "1/2-1/2"]
[WhiteElo "2201"]
[BlackElo "2329"]
[PlyCount "54"]
[EventDate "2002.05.02"]
[EventType "swiss"]
[EventRounds "9"]
[EventCountry "UKR"]
[SourceTitle "EXT 2003"]
[Source "ChessBase"]
[SourceDate "2002.11.25"]
[SourceVersion "1"]
[SourceVersionDate "2002.11.25"]
[SourceQuality "1"]

1. d4 d6 2. e4 Nf6 3. Nc3 g6 4. h3 Bg7 5. Be3 c6 6. a4 Qa5 7. Bd3 e5 8. dxe5 dxe5 9. Nf3 Nbd7 10. 0-0 0-0 11. Nd2 Rd8 12. Qf3 Qb4 13. Nb3 Qe7 14. Rfd1 Nf8 15. Bc4 Be6 16. Bc5 Qc7 17. Qe2 Bxc4 18. Qxc4 Ne6 19. Be3 h6 20. Rxd8+ Rxd8 21. Rd1 Rxd1+ 22. Nxd1 b6 23. f3 Nd7 24. Nf2 Bf8 25. Kf1 h5 26. c3 Ndc5 27. Nd3 Nxd3 1/2-1/2

[Event "UKR-ch (Women)"]
[Site "Sevastopol"]
[Date "2000.??.??"]
[Round "2"]
[White "Son, Irina"]
[Black "Matsko, Marina"]
[Result "0-1"]
[WhiteElo "2217"]
[BlackElo "2123"]
[PlyCount "80"]
[EventDate "2000.??.??"]
[EventType "swiss"]
[EventRounds "9"]
[EventCountry "UKR"]
[SourceTitle "EXT 2001"]
[Source "ChessBase"]
[SourceDate "2000.11.22"]
[SourceVersion "1"]
[SourceVersionDate "2000.11.22"]
[SourceQuality "1"]

1. Nf3 f5 2. g3 Nc6 3. d4 e6 4. Bg2 d6 5. 0-0 Be7 6. c4 e5 7. d5 Nb8 8. Nc3 g5 9. Bd2 Nd7 10. Qc2 Nf8 11. c5 h6 12. cxd6 cxd6 13. Nb5 Kf7 14. Rac1 Bd7 15. Nc7 Rb8 16. Ne6 Bxe6 17. dxe6+ Kxe6 18. Rfd1 Kf6 19. Nxe5 dxe5 20. Bxg5+ hxg5 21. Rxd8 Bxd8 22. Bxb7 Ne6 23. Ba6 Ne7 24. e3 Bb6 25. b4 f4 26. Qe4 Rbd8 27. Re1 fxe3 28. fxe3 Nf5 29. Bd3 Nxe3 30. Rxe3 g4 31. Qf5+ Ke7 32. Qxe5 Bxe3+ 33. Qxe3 Rhf8 34. Qxa7+ Rd7 35. Qa6 Nd4 36. Be2 Rf6 37. Qc4 Nf3+ 38. Kh1 Rd2 39. Qe4+ Re6 40. Qb7+ Kf6 0-1

[Event "UKR-ch (Women)"]
[Site "Alushta"]
[Date "1999.??.??"]
[Round "?"]
[White "Son, Irina"]
[Black "Schweitzer, Viktoriya"]
[Result "1-0"]
[WhiteElo "2215"]
[BlackElo "2163"]
[PlyCount "79"]
[EventDate "1999.09.??"]
[EventType "tourn"]
[EventRounds "9"]
[EventCountry "UKR"]
[SourceTitle "EXT 2002"]
[Source "ChessBase"]
[SourceDate "2001.11.25"]
[SourceVersion "1"]
[SourceVersionDate "2001.11.25"]
[SourceQuality "1"]

1. d4 d5 2. Nf3 Nf6 3. c4 e6 4. Nc3 Be7 5. Bg5 0-0 6. e3 h6 7. Bf4 c5 8. dxc5 Bxc5 9. a3 a5 10. cxd5 Nxd5 11. Nxd5 exd5 12. Rc1 b6 13. Be2 Nc6 14. 0-0 Bb7 15. Ne5 Nxe5 16. Bxe5 Re8 17. Bc3 Qh4 18. Bf3 Rad8 19. g3 Qe7 20. Bd4 Qd6 21. Qd2 a4 22. Rfd1 Re6 23. Bg2 h5 24. h4 Rg6 25. Bf3 Qe7 26. Bxh5 Rh6 27. Bf3 Bd6 28. Bxb6 Re8 29. Bd4 g5 30. h5 g4 31. Bxg4 f5 32. Bf3 Qg5 33. Bc5 Bb8 34. Bxd5+ Bxd5 35. Qxd5+ Rhe6 36. Kg2 Kh7 37. Qf3 Rg8 38. Rd5 Be5 39. Bd4 Bxd4 40. Rxd4 1-0

[Event "UKR-ch (Women)"]
[Site "Alushta"]
[Date "1998.??.??"]
[Round "?"]
[White "Dubinskaya, Mariana"]
[Black "Son, Irina"]
[Result "1-0"]
[WhiteElo "2090"]
[BlackElo "2225"]
[PlyCount "115"]
[EventDate "1998.05.??"]
[EventType "swiss"]
[EventRounds "9"]
[EventCountry "UKR"]
[SourceTitle "EXT 2003"]
[Source "ChessBase"]
[SourceDate "2002.11.25"]
[SourceVersion "1"]
[SourceVersionDate "2002.11.25"]
[SourceQuality "1"]

1. d4 Nf6 2. c4 d6 3. Nc3 Nbd7 4. Nf3 e5 5. e4 Be7 6. Be2 0-0 7. 0-0 c6 8. Re1 Qc7 9. h3 Re8 10. Bf1 b6 11. Be3 Nf8 12. b4 Ng6 13. Rb1 Bd7 14. Qd2 Rad8 15. d5 c5 16. bxc5 bxc5 17. Rb2 Rb8 18. Reb1 Rec8 19. Qc2 Bd8 20. Rb3 h6 21. Bd3 Rxb3 22. Qxb3 Qb6 23. Qxb6 Bxb6 24. Nb5 Bxb5 25. Rxb5 Nd7 26. g3 Kf8 27. h4 Rb8 28. Bd2 Ne7 29. Kf1 Ng8 30. Bc3 Ngf6 31. Nd2 g5 32. hxg5 hxg5 33. Nf3 Nh7 34. Bd2 f6 35. Nh2 Bd8 36. Ng4 Rxb5 37. cxb5 Nb6 38. Ne3 Be7 39. Bc2 Ke8 40. a4 Kd8 41. Ke2 Ke8 42. Kf3 Kf7 43. Kg4 Nf8 44. a5 Nc8 45. Ba4 Bd8 46. Kh5 Ng6 47. Bd1 Kg7 48. Bg4 Nge7 49. Bd7 Bc7 50. Nc4 Kh7 51. f4 gxf4 52. gxf4 Kg7 53. Be6 Kf8 54. Kh6 Bd8 55. Kh7 Bc7 56. f5 Bd8 57. Bh6+ Ke8 58. Kg7 1-0

[Event "UKR-ch (Women)"]
[Site "Alushta"]
[Date "1998.??.??"]
[Round "?"]
[White "Goreskul, Alyona"]
[Black "Son, Irina"]
[Result "0-1"]
[WhiteElo "2095"]
[BlackElo "2225"]
[PlyCount "136"]
[EventDate "1998.05.??"]
[EventType "swiss"]
[EventRounds "9"]
[EventCountry "UKR"]
[SourceTitle "EXT 2003"]
[Source "ChessBase"]
[SourceDate "2002.11.25"]
[SourceVersion "1"]
[SourceVersionDate "2002.11.25"]
[SourceQuality "1"]

1. e4 c5 2. Nf3 e6 3. d4 cxd4 4. Nxd4 a6 5. Nc3 Qc7 6. a3 Nf6 7. Be2 d6 8. 0-0 Be7 9. Be3 0-0 10. Nb3 b5 11. f4 Nc6 12. Bf3 Bb7 13. Qe1 Rac8 14. Qg3 Ne8 15. Rad1 Bf6 16. Nb1 g6 17. c3 Bg7 18. Rd3 Ne7 19. Rfd1 e5 20. fxe5 Bxe5 21. Bf4 Nc6 22. Bg4 Rd8 23. Nd4 Bxf4 24. Qxf4 Ne5 25. Rg3 Qe7 26. Be2 Ng7 27. Nd2 Rfe8 28. Qh6 Bc8 29. Rf1 Qf8 30. Qh4 Qe7 31. Qh6 Qf8 32. Qh4 Qe7 33. Qh6 Qf8 34. c4 bxc4 35. Nxc4 d5 36. Nxe5 Rxe5 37. Qh4 Rxe4 38. Rf4 Rde8 39. Rxe4 Rxe4 40. Qf6 Qe7 41. Qxe7 Rxe7 42. Rc3 Bb7 43. Kf2 Ne6 44. Nxe6 fxe6 45. Rb3 Rf7+ 46. Ke1 Re7 47. Rb6 a5 48. Bd1 e5 49. Bb3 Kg7 50. Rd6 d4 51. g3 Bc8 52. Bc4 Rc7 53. b3 a4 54. Rd8 Bf5 55. Kd2 axb3 56. Bxb3 Rc3 57. Bd1 Rd3+ 58. Ke1 Rxa3 59. g4 Be6 60. g5 Kf7 61. Rb8 Bf5 62. Rb7+ Ke6 63. Bb3+ Kd6 64. Bg8 e4 65. Rxh7 e3 66. Rh4 d3 67. Rd4+ Ke5 68. Rd5+ Ke4 0-1

[Event "Yalta op (Women)"]
[Site "Yalta"]
[Date "1996.??.??"]
[Round "7"]
[White "Melamed, Tatiana"]
[Black "Son, Irina"]
[Result "1-0"]
[WhiteElo "2320"]
[BlackElo "2200"]
[PlyCount "107"]
[EventDate "1996.??.??"]
[EventType "swiss"]
[EventRounds "11"]
[EventCountry "UKR"]
[SourceTitle "EXT 1998"]
[Source "ChessBase"]
[SourceDate "1997.11.17"]
[SourceVersion "1"]
[SourceVersionDate "1997.11.17"]
[SourceQuality "1"]

1. e4 c5 2. Nf3 e6 3. c3 d5 4. exd5 Qxd5 5. d4 Nf6 6. Na3 cxd4 7. Nb5 Na6 8. Nbxd4 e5 9. Bb5+ Bd7 10. Qe2 Bxb5 11. Nxb5 e4 12. 0-0 Be7 13. Nfd4 0-0 14. Be3 Rfc8 15. Rfd1 Qe5 16. f4 Qb8 17. Nf5 Bc5 18. Nbd6 Rc7 19. b4 Bxd6 20. Rxd6 Qf8 21. Rxf6 Rd8 22. Rxa6 bxa6 23. Bd4 g6 24. Bg7 Qe8 25. Be5 Rc6 26. Nh6+ Kf8 27. Ng4 f5 28. Ne3 Rd3 29. Rd1 Rxd1+ 30. Qxd1 Qe6 31. Qd8+ Qe8 32. Qd5 Qe6 33. Qd8+ Qe8 34. Qd2 Qe6 35. c4 Kf7 36. a4 Ke8 37. h3 Rc8 38. Qd6 Qxd6 39. Bxd6 Kd7 40. Be5 Ke6 41. Bd4 Rc7 42. Kf2 h6 43. b5 axb5 44. axb5 h5 45. Kg3 Kf7 46. c5 Ke6 47. c6 Rf7 48. Kh4 Kd6 49. Kg5 a6 50. bxa6 Kxc6 51. Kxg6 Rf8 52. Kxh5 Kd6 53. a7 Ke6 54. Be5 1-0

[Event "Yalta op (Women)"]
[Site "Yalta"]
[Date "1996.??.??"]
[Round "6"]
[White "Son, Irina"]
[Black "Fatalibekova, Elena"]
[Result "1-0"]
[WhiteElo "2200"]
[BlackElo "2240"]
[PlyCount "109"]
[EventDate "1996.??.??"]
[EventType "swiss"]
[EventRounds "11"]
[EventCountry "UKR"]
[SourceTitle "EXT 1998"]
[Source "ChessBase"]
[SourceDate "1997.11.17"]
[SourceVersion "1"]
[SourceVersionDate "1997.11.17"]
[SourceQuality "1"]

1. d4 Nf6 2. c4 e6 3. Nf3 Bb4+ 4. Bd2 c5 5. Bxb4 cxb4 6. e3 b6 7. a3 bxa3 8. Nxa3 0-0 9. b4 Qe7 10. Nc2 Bb7 11. Be2 Nc6 12. b5 Na5 13. 0-0 d6 14. Nd2 e5 15. Bf3 Rfc8 16. Ra4 e4 17. Be2 a6 18. bxa6 Bxa6 19. Nb4 Bb7 20. Qb1 d5 21. Nxd5 Bxd5 22. cxd5 Nxd5 23. Nxe4 Rc7 24. Bf3 Rd8 25. Ra1 Nc4 26. Rc1 g6 27. Qb5 Na5 28. Rxc7 Qxc7 29. h4 h5 30. Rb1 Qc2 31. Qb2 Qd3 32. Rd1 Qa6 33. Qa2 Kg7 34. Rc1 Rd7 35. Ng5 Qb5 36. Qb1 Nb3 37. Bd1 Nxd4 38. exd4 Qxb1 39. Rxb1 Nc3 40. Ra1 Rxd4 41. Bb3 Rxh4 42. Ra7 Rb4 43. Bxf7 Kf6 44. Nf3 Rb1+ 45. Kh2 b5 46. Rc7 Rb2 47. Bxg6 Kxg6 48. Rxc3 b4 49. Rc6+ Kf5 50. Kg3 Ke4 51. Rd6 b3 52. Rd4+ Kf5 53. Rb4 Kf6 54. Nd4 h4+ 55. Kf3 1-0

[Event "Yalta op (Women)"]
[Site "Yalta"]
[Date "1995.??.??"]
[Round "?"]
[White "Gubernatorova, Lyudmila"]
[Black "Son, Irina"]
[Result "1/2-1/2"]
[WhiteElo "2145"]
[BlackElo "2185"]
[PlyCount "31"]
[EventDate "1995.??.??"]
[EventType "swiss"]
[EventRounds "9"]
[EventCountry "UKR"]
[SourceTitle "EXT 1997"]
[Source "ChessBase"]
[SourceDate "1996.11.15"]
[SourceVersion "1"]
[SourceVersionDate "1996.11.15"]
[SourceQuality "1"]

1. d4 Nf6 2. c4 e6 3. Nc3 Bb4 4. Nf3 0-0 5. e3 d6 6. Bd2 c5 7. Be2 Nc6 8. a3 Ba5 9. 0-0 e5 10. d5 Ne7 11. b4 cxb4 12. Nb5 a6 13. axb4 axb5 14. cxb5 Nexd5 15. bxa5 Ne4 16. Bc4 1/2-1/2

[Event "Yalta op (Women)"]
[Site "Yalta"]
[Date "1995.??.??"]
[Round "?"]
[White "Son, Irina"]
[Black "Zatonskih, Anna"]
[Result "1-0"]
[WhiteElo "2185"]
[BlackElo "2205"]
[PlyCount "115"]
[EventDate "1995.??.??"]
[EventType "swiss"]
[EventRounds "9"]
[EventCountry "UKR"]
[SourceTitle "EXT 1997"]
[Source "ChessBase"]
[SourceDate "1996.11.15"]
[SourceVersion "1"]
[SourceVersionDate "1996.11.15"]
[SourceQuality "1"]

1. Nf3 e6 2. c4 f5 3. g3 Nf6 4. Bg2 Be7 5. 0-0 0-0 6. b3 d6 7. d4 Qe8 8. Bb2 Qh5 9. Nc3 a5 10. e3 Na6 11. Ne1 Qh6 12. Nd3 c6 13. e4 e5 14. Bc1 Qg6 15. dxe5 Nxe4 16. Nxe4 fxe4 17. Nf4 Qf7 18. exd6 Rd8 19. Ba3 Bg5 20. Bxe4 Bxf4 21. gxf4 Nb4 22. Qd4 Bf5 23. Bxb4 Qg6+ 24. Bg2 Bh3 25. Qe4 Qxe4 26. Bxe4 Bxf1 27. Bc3 Bh3 28. c5 g6 29. Rd1 Kf7 30. Rd4 a4 31. bxa4 Be6 32. a3 Rd7 33. a5 Bf5 34. f3 Be6 35. Kf2 Rdd8 36. Rb4 Rd7 37. Rb1 Bf5 38. Rg1 Ke6 39. Re1 Kf7 40. Bxf5 gxf5 41. Re5 Rf8 42. Rxf5+ Ke8 43. Re5+ Kd8 44. Re4 Rf5 45. Be5 Rh5 46. h4 Kc8 47. Kg3 Rd8 48. Kg4 Rh6 49. f5 Rg8+ 50. Kh3 Rh5 51. f6 Rgg5 52. f4 Rg1 53. f7 Rf5 54. Bd4 Rh1+ 55. Kg2 Rxh4 56. Re8+ Kd7 57. f8Q Rg4+ 58. Kh3 1-0

[Event "Melitopol Cup (Women)"]
[Site "Melitopol"]
[Date "1992.??.??"]
[Round "2"]
[White "Son, Irina"]
[Black "Aljautdinova, Margarita"]
[Result "1/2-1/2"]
[WhiteElo "2205"]
[BlackElo "2110"]
[PlyCount "104"]
[EventDate "1992.??.??"]
[EventType "swiss"]
[EventRounds "9"]
[EventCountry "RUS"]
[SourceTitle "EXT 1997"]
[Source "ChessBase"]
[SourceDate "1996.11.15"]
[SourceVersion "1"]
[SourceVersionDate "1996.11.15"]
[SourceQuality "1"]

1. d4 Nf6 2. Nf3 e6 3. c4 c5 4. d5 exd5 5. cxd5 d6 6. Nc3 g6 7. e4 Bg7 8. Be2 0-0 9. 0-0 Bg4 10. Nd2 Bxe2 11. Qxe2 Re8 12. f3 Na6 13. Nc4 Nc7 14. Ne3 Rb8 15. a4 b6 16. Rb1 a6 17. b4 Nh5 18. Qc2 cxb4 19. Rxb4 b5 20. axb5 axb5 21. Bd2 Na6 22. Rxb5 Rc8 23. Rc1 Nf4 24. Qd1 Nd3 25. Ra1 Nac5 26. Ra3 f5 27. Qf1 fxe4 28. Nxe4 Nxe4 29. fxe4 Nc5 30. Ra7 Rf8 31. Rxg7+ Kxg7 32. Qa1+ Kg8 33. Ng4 h5 34. Nf2 Qf6 35. Qxf6 Rxf6 36. g3 Ra8 37. Be3 Nd7 38. Bd4 Rf7 39. Rb2 Rc8 40. Ra2 Ne5 41. Bxe5 dxe5 42. Nd3 Kg7 43. Kg2 Rc3 44. Rd2 Re7 45. d6 Re6 46. Nxe5 Rc8 47. Rd5 Rd8 48. d7 Kf6 49. Nd3 Rxe4 50. Nc5 Re5 51. Rd6+ Ke7 52. Rc6 Rxc5 1/2-1/2

[Event "UKR Spartakiad"]
[Site "Zhitomir"]
[Date "1986.??.??"]
[Round "?"]
[White "Chelushkina, Irina"]
[Black "Son, Irina"]
[Result "1/2-1/2"]
[WhiteElo "2165"]
[BlackElo "2020"]
[PlyCount "94"]
[EventDate "1986.??.??"]
[EventType "swiss"]
[EventRounds "9"]
[EventCountry "URS"]
[SourceTitle "EXT 2003"]
[Source "ChessBase"]
[SourceDate "2002.11.25"]
[SourceVersion "1"]
[SourceVersionDate "2002.11.25"]
[SourceQuality "1"]

1. c4 f5 2. Nf3 e6 3. g3 d5 4. Bg2 Nf6 5. 0-0 Be7 6. b3 c6 7. Bb2 0-0 8. d3 Bd6 9. Nbd2 Qe7 10. cxd5 exd5 11. e3 Nbd7 12. Qc2 Ne5 13. Nxe5 Bxe5 14. Bxe5 Qxe5 15. Rae1 Qc7 16. f4 Bd7 17. Nf3 Be6 18. b4 Qd6 19. Qc3 Nd7 20. Nd4 Rae8 21. Rf2 Rf7 22. Rfe2 Rfe7 23. e4 dxe4 24. dxe4 fxe4 25. Rxe4 Nf6 26. Rxe6 Rxe6 27. Rxe6 Rxe6 28. Qc4 Nd5 29. Bxd5 cxd5 30. Qc8+ Kf7 31. Nxe6 Qxe6 32. Qxe6+ Kxe6 33. Kf2 d4 34. Ke2 h5 35. Kd3 Kf5 36. Kxd4 Kg4 37. Ke3 Kh3 38. a4 Kxh2 39. Kf3 Kg1 40. a5 a6 41. f5 Kf1 42. g4 hxg4+ 43. Kxg4 Ke2 44. Kf4 Kd3 45. Ke5 Kc4 46. Ke6 Kd4 47. Kd6 Kc4 1/2-1/2